| 000 | 01238cam a22003377a 4500 | ||
|---|---|---|---|
| 003 | CHAP | ||
| 005 | 20230527062636.0 | ||
| 008 | 971013s1979 mx a r 00010 spa d | ||
| 010 | _a17109 | ||
| 011 | _a18081 | ||
| 035 | _a22165 | ||
| 040 | _cCHAP | ||
| 090 | _aFolleto 7293 | ||
| 100 | 1 | 0 |
_aBerlijn, Johan D. _911826 |
| 245 | 1 | 0 |
_aProtección de cultivos _c/por Johan D. Berlijn |
| 260 |
_aMéxico, D. F. : _bDirección General de Educación Tecnológica Agropecuaria, _c1979 |
||
| 300 |
_a90 p. _b: ilus. |
||
| 490 | 0 |
_aManuales para la educación agropecuaria. Producción vegetal _v; 108 |
|
| 500 | _ac.2 reimp. de 1982 por ed. Trillas, con No. de serie 23. | ||
| 590 |
_aBATCH-UPD _b10 _c20130110 _lUCH01 _h1745 |
||
| 590 |
_aBATCH-UPD _b10 _c20130410 _lUCH01 _h1124 |
||
| 590 |
_aBATCH-UPD _b10 _c20130914 _lUCH01 _h2129 |
||
| 590 |
_aCONVERSION _b10 _c20130109 _lUCH01 _h1311 |
||
| 650 | 1 | 4 |
_aCultivos _xEnfermedades. _930262 |
| 650 | 1 | 4 |
_aCultivos _xPlagas. _930305 |
| 830 | 0 |
_aManuales para educación agropecuaria. Producción vegetal (Trillas) _v; 108 _970695 |
|
| 901 | _aBK | ||
| 942 | _cFOLL | ||
| 949 |
_aFolleto 7293 _bBC _cFOLL _d-51870 _eTS1 _i22165 _mD _si |
||
| 949 |
_aFolleto 7293 _bBC _cFOLL _d221652 _eTS2 _fc.2 _i22165 _mD _sb |
||
| 999 |
_c17109 _d17109 |
||